| 000 | 01219cam a2200289 4500 | ||
|---|---|---|---|
| 001 | X118049 | ||
| 008 | 020520n2002 000 0 eng u | ||
| 035 | _a(Sirsi) u118049 | ||
| 100 | _aPonting, L | ||
| 245 | _aHidden hazards of buildings | ||
| 260 | _c2002 | ||
| 490 |
_aHealth and Safety Bulletin _v(308) May 2002, 9-15(7) |
||
| 520 | _aOverview of the hidden hazards connected with buildings. Lists and discusses the main hazards such as indoor pollution, energy and thermal conditions, space and crowding as well as falls, collision and entrapment, falling objects and biological hazards. Gives legislative context and uses Health and Safety Executive (HSE) statistics to show scale of the problem. | ||
| 650 | _aELECTRICAL INSTALLATIONS | ||
| 650 | _aHAZARDS | ||
| 650 | _aBUILDING SITES | ||
| 650 |
_aBUILDING REGULATIONS _96224 |
||
| 650 | _aRADON | ||
| 650 | _aVOLATILE ORGANIC COMPOUNDS | ||
| 650 | _aLIGHTING | ||
| 650 | _aBIOLOGICAL HAZARDS | ||
| 650 | _aSICK BUILDING SYNDROME | ||
| 650 | _aBUILT ENVIRONMENT-BUILDING ELEMENTS-COMPLETE BUILDING ELEMENTS-STAIRS | ||
| 650 | _aWORKPLACE (HEALTH, SAFETY AND WELFARE) REGULATIONS 1992 | ||
| 690 |
_aHEALTH AND SAFETY _96244 |
||
| 942 | _n0 | ||
| 999 |
_c70292 _d70292 |
||